Humanistic Understanding of Kimchi and Kimjang Culture/ (Record no. 208631)

MARC details
000 -LEADER
fixed length control field 00630nam a22001817a 4500
005 - DATE AND TIME OF LATEST TRANSACTION
control field 20250121113232.0
010 ## - LCCN (DPL NO)
LC control number ENG-143446
020 ## - INTERNATIONAL STANDARD BOOK NUMBER
International Standard Book Number 9788996208488
Terms of availability 550.00
035 ## - SYSTEM CONTROL NUMBER
System control number EN-126978
037 ## - SOURCE OF ACQUISITION
Source of stock number/acquisition DBAD
082 ## - DEWEY DECIMAL CLASSIFICATION NUMBER
Classification number 499.156
100 ## - MAIN ENTRY--PERSONAL NAME
Personal name World Institute of Kimchi
245 ## - TITLE STATEMENT
Title Humanistic Understanding of Kimchi and Kimjang Culture/
Statement of responsibility, etc By World Institute of Kimchi,
260 ## - PUBLICATION, DISTRIBUTION, ETC. (IMPRINT)
Place of publication, distribution, etc Korea
Name of publisher, distributor, etc World Institute of Kimchi
Date of publication, distribution, etc 2014
270 ## - ADDRESS
Address 86 Kimchi -Ro, Man-gu, Gwangju City
City Korea
Electronic mail address www.wikim.re.kr
Telephone number 82626101700
Fax number 82626101850
300 ## - PHYSICAL DESCRIPTION
Extent 273p.
Other physical details Index
Dimensions 23cm(hb)
942 ## - ADDED ENTRY ELEMENTS (KOHA)
Source of classification or shelving scheme Dewey Decimal Classification
Item type English Books
Call number suffix HUM
Classification part 499.156
Holdings
Withdrawn status Lost status Not for loan Collection code Home library Current library Date acquired Source of acquisition Cost, normal purchase price Full call number Barcode Copy number Cost, replacement price Koha item type
      Non-fiction Ashok Vihar Ashok Vihar 21/01/2025 Delivery of Books Act Division 550.00 HUM 499.156 EN-126978 1 550.00 English Books

© Delhi Public Library
Hit Counter
free hit counter